[Event "POL-ChT3"]
[Site "Lazy POL"]
[Date "2012.09.03"]
[Round "3"]
[White "Gluszko, Tomasz"]
[Black "Zareba, Radoslaw"]
[Result "1/2-1/2"]
[WhiteElo "2169"]
[BlackElo "2049"]
[EventDate "2012.09.01"]

1.d4 Nf6 2.Nc3 g6 3.e4 d6 4.f4 Bg7 5.Nf3 O-O 6.Be2 Na6 7.O-O c5 8.d5 Nc7 
9.a4 b6 10.Bc4 a6 11.e5 Nd7 12.Re1 Rb8 13.Qd3 b5 14.axb5 axb5 15.Nxb5 Nb6 
16.Nxc7 Bf5 17.Qe2 Qxc7 18.Bd2 Nxc4 19.Qxc4 Rxb2 20.Bc3 Rxc2 21.Nd4 Rxc3 
22.Qxc3 Bd7 23.Nf3 Bg4 24.h3 Bxf3 25.gxf3 g5 26.fxg5 Bxe5 27.Rxe5 dxe5 28.
Re1 f6 29.gxf6 exf6 30.f4 Re8 31.Rc1 Rc8 32.Re1 Re8 33.Rc1 Rd8 34.Qxc5 
Qxc5+ 35.Rxc5 Kf7 36.fxe5 fxe5 37.Kf2 Kf6 38.Ke3 Kf5 39.Rc7 h5 40.Rf7+ Kg6
41.Re7 Kf6 42.Re6+ Kf5 43.Rh6 Kg5 44.Re6 Rxd5 45.Ke4 Rd4+ 46.Kxe5 Rd1 47.
Ra6 Re1+ 48.Kd4 Kf4 49.Kd3 Kg3 50.Kd2 Re5 51.Ra3+ Kf2 52.Rd3 h4 53.Rd4 Kg3
54.Rd3+ Kg2 55.Re3 Rg5 56.Ke1 Rg3 57.Re2+ Kf3 58.Rf2+ Ke3 59.Re2+ Kd3 60.
Rd2+ Ke4 61.Re2+ Kf4 62.Rf2+ Kg5 63.Kf1 Rxh3 64.Kg2 Rb3 65.Kh2 Kg4 66.Ra2 
Rb4 67.Rc2 1/2-1/2

[Event "POL-ChT3"]
[Site "Lazy POL"]
[Date "2012.09.03"]
[Round "3"]
[White "Krokay, Urszula"]
[Black "Nowak, Malgorzata"]
[Result "1/2-1/2"]
[WhiteElo "1868"]
[BlackElo "2084"]
[EventDate "2012.09.01"]

1.c4 e5 2.Nc3 Nf6 3.Nf3 Nc6 4.g3 d5 5.cxd5 Nxd5 6.Bg2 Nb6 7.O-O Be7 8.d3 
O-O 9.a3 Re8 10.b4 Bf8 11.Bb2 Bg4 12.Re1 Rb8 13.Rc1 a5 14.bxa5 Nxa5 15.Nb5
Nc6 16.Nd2 Bd7 17.Ne4 Na5 18.Nbc3 Bc6 19.Bh3 Bd7 20.Bg2 Bc6 21.Bh3 Bd7 22.
Bg2 Bc6 23.Bh3 1/2-1/2

[Event "POL-ChT3"]
[Site "Lazy POL"]
[Date "2012.09.03"]
[Round "3"]
[White "Najbar, Marcin"]
[Black "Ciesla, Adam"]
[Result "1-0"]
[WhiteElo "2199"]
[BlackElo "2336"]
[EventDate "2012.09.01"]

1.e4 e5 2.Nf3 Nc6 3.Bc4 Nf6 4.d3 Bc5 5.c3 a6 6.Bb3 O-O 7.O-O Ba7 8.Nbd2 d5
9.h3 h6 10.Qe2 Nh5 11.Rd1 Nf4 12.Qf1 Be6 13.d4 exd4 14.cxd4 Bxd4 15.Nb1 
dxe4 16.Nxd4 Nxh3+ 17.gxh3 Nxd4 18.Nc3 Nf3+ 19.Kh1 Qh4 20.Bxe6 fxe6 21.Qg2
Rf6 22.Qg3 Qh5 23.Qg4 Qxg4 24.hxg4 Rg6 25.g5 hxg5 26.Nxe4 Rf8 27.Be3 Ne5 
28.Rac1 c6 29.Rc5 Ng4 30.Rxg5 Rxg5 31.Nxg5 Rxf2 32.Bc5 Rf8 33.Rd7 Re8 34.
Rxb7 e5 35.Ne4 Nf6 36.Nxf6+ gxf6 37.Kg2 f5 38.Kf3 Rd8 39.Ke2 Rd5 40.b4 f4 
41.Re7 f3+ 42.Kxf3 Rd3+ 43.Ke4 Ra3 44.Ra7 Rxa2 45.Kxe5 Ra1 46.Kd6 Kf8 47.
Kxc6+ Ke8 48.Re7+ Kd8 49.Rf7 Re1 50.Rf8+ Re8 51.Rxe8+ Kxe8 52.Kb6 Kd7 53.
Kxa6 Kc8 54.b5 1-0

[Event "POL-ChT3"]
[Site "Lazy POL"]
[Date "2012.09.03"]
[Round "3"]
[White "Klekowski, Maciej"]
[Black "Krzywda, Andrzej"]
[Result "1-0"]
[WhiteElo "2332"]
[BlackElo "2153"]
[EventDate "2012.09.01"]

1.c4 g6 2.g3 Bg7 3.Bg2 d6 4.Nc3 e5 5.e4 Ne7 6.d3 O-O 7.f4 f5 8.Nge2 Nd7 9.
O-O Nf6 10.h3 c6 11.Be3 Nh5 12.Kh2 exf4 13.gxf4 Kh8 14.Bf3 Nf6 15.Qd2 Be6 
16.b3 Qc7 17.Rac1 Qd7 18.Bg2 b6 19.Nd4 Bf7 20.Nf3 Rad8 21.Rcd1 Qc7 22.Kg1 
Nh5 23.Bd4 h6 24.Bxg7+ Nxg7 25.Nd4 Ne6 26.Nxe6 Bxe6 27.Rde1 Qd7 28.Kh2 Kh7
29.Qe3 Rde8 30.Ne2 c5 31.Qf3 Ng8 32.Ng3 Ne7 33.Re3 Qd8 34.Qe2 Bd7 35.Qd2 
Nc6 36.exf5 gxf5 37.Bxc6 Bxc6 38.Rfe1 Qf6 39.Nh5 Qd4 40.Qf2 Rxe3 41.Qxe3 
Qxe3 42.Rxe3 Kg6 43.Ng3 Re8 44.Rxe8 Bxe8 45.Kg2 Bc6+ 46.Kf2 d5 47.cxd5 
Bxd5 48.Ne2 Bc6 49.d4 cxd4 50.Nxd4 Bd5 51.a3 a5 52.b4 axb4 53.axb4 Kf6 54.
Nb5 Ke7 55.Ke3 Bg2 56.h4 Kf6 57.Nd6 Ke6 58.Nc4 b5 59.Na3 Bf1 60.Kd4 Kd6 
61.Nc2 Bg2 62.Kc3 Bc6 63.Ne3 Be4 64.Kd4 Ke6 65.Kc5 Bd3 66.Nd5 Kf7 67.Kd4 
Be2 68.Ke5 Bd3 69.Nf6 Bc2 70.h5 Bd3 71.Nd5 Be2 72.Ne3 Bxh5 73.Nxf5 Kg6 74.
Nd4 Bg4 75.f5+ Kf7 76.Nxb5 Bf3 77.Nd6+ Kf8 78.f6 h5 79.Kf4 Be2 80.Kg5 Kg8 
81.b5 Kh7 82.b6 Bf3 83.Nf5 Kg8 84.Kg6 Kf8 85.f7 Bd5 86.Kf6 Be4 87.Nh4 1-0

[Event "POL-ChT3"]
[Site "Lazy POL"]
[Date "2012.09.03"]
[Round "3"]
[White "Malecki, Rafal"]
[Black "Flis, Jacek"]
[Result "1/2-1/2"]
[WhiteElo "2094"]
[BlackElo "2256"]
[EventDate "2012.09.01"]

1.e4 c5 2.f4 d5 3.e5 Nc6 4.Nf3 Nh6 5.Be2 e6 6.O-O Be7 7.c3 O-O 8.d3 b5 9.
Kh1 b4 10.d4 bxc3 11.bxc3 Qa5 12.dxc5 Bxc5 13.Nfd2 Qc7 14.Nb3 Be7 15.Na3 
f6 16.Nb5 Qb6 17.exf6 Bxf6 18.Ba3 Be7 19.Bxe7 Nxe7 20.Qd4 Nhf5 21.Qc5 Ba6 
22.a4 Rac8 23.Qxb6 axb6 24.N3d4 Nxd4 25.cxd4 Nf5 26.Rfd1 Ne3 27.Rd3 Nc4 
28.Bg4 Rf6 29.g3 Kf7 30.Rb1 Bxb5 31.Rxb5 Ra8 32.Rb4 Ke7 33.Rc3 Kd6 34.Be2 
Rf7 35.Bxc4 dxc4 36.Rcxc4 Kd5 37.Rc1 Rfa7 38.Rb5+ Kxd4 39.Rxb6 Rxa4 40.
Rxe6 Ra2 41.Rd1+ Kc5 42.Re7 h5 43.Re5+ Kc6 44.Rxh5 Rb8 45.f5 Rbb2 46.Rf1 
Kd7 47.g4 Ke7 48.g5 Kf7 49.Rc1 Ke7 50.Rh7 Kd6 51.Re1 Rf2 52.f6 gxf6 53.Rh6
Kd7 54.gxf6 Rae2 55.Rh7+ Ke8 56.Re7+ Rxe7 57.fxe7 Rf7 58.Kg2 Rxe7 59.Ra1 
Kf7 60.Kf3 Kg7 1/2-1/2

[Event "POL-ChT3"]
[Site "Lazy POL"]
[Date "2012.09.03"]
[Round "3"]
[White "Piesik, Piotr"]
[Black "Zgadzaj, Rafal"]
[Result "1/2-1/2"]
[WhiteElo "2198"]
[BlackElo "2153"]
[EventDate "2012.09.01"]

1.e4 d6 2.d4 Nf6 3.Nc3 c6 4.f3 g6 5.Be3 Qb6 6.Rb1 Nbd7 7.Qd2 Qc7 8.h4 b5 
9.Nge2 Nb6 10.b3 h5 11.Nf4 a6 12.Kf2 e5 13.Nd3 Nbd7 14.a4 Rb8 15.axb5 axb5
16.Ra1 Be7 17.d5 b4 18.dxc6 bxc3 19.cxd7+ Bxd7 20.Qe1 O-O 21.Ra7 Qc8 22.
Qa1 Ne8 23.Qa6 Qd8 24.Qa5 Bxh4+ 25.g3 Qxa5 26.Rxa5 Bd8 27.Ra7 Be6 28.Bh3 
Bxh3 29.Rxh3 Nc7 30.f4 f5 31.exf5 e4 32.Nc1 Rxf5 33.Ne2 Nb5 34.Ra6 Bf6 35.
Rh1 d5 36.Rd1 g5 37.Rxf6 Rxf6 38.Rxd5 gxf4 39.Bxf4 Na3 40.Nd4 Rbf8 41.Rg5+
Kf7 42.Rxh5 Re8 43.Ke3 Rb6 44.Rc5 Nb1 45.Ne2 Ree6 46.Nxc3 Nxc3 47.Rxc3 
Rec6 48.Rxc6 Rxc6 49.c4 Ke6 50.Kd4 Rb6 51.Kc3 Rb7 52.b4 Rd7 53.c5 Kd5 54.
Bd6 Rb7 55.Bf4 Re7 56.Be3 Rg7 57.Bf4 Re7 58.Kd2 Rb7 59.Kc3 Re7 60.Bd6 Ra7 
61.b5 Ra2 62.b6 e3 63.Bf4 e2 64.Bd2 Ra3+ 65.Kc2 Kc6 66.Be1 Ra2+ 67.Kd3 
Kxc5 68.b7 Rb2 69.b8=R Rxb8 70.Kxe2 Kd4 71.Kf3 Rf8+ 72.Kg4 Ke4 73.Kg5 Kf3 
74.Bb4 Rg8+ 75.Kf5 Rxg3 76.Bd6 Rg1 77.Ke5 Rd1 78.Bc5 Rd3 79.Bd4 Ra3 80.Bc5
Ra5 81.Kd5 Kf4 82.Kc6 Ke5 83.Bb6 Ra1 84.Bc7+ Ke6 85.Bb8 Rc1+ 86.Kb7 Kd7 
87.Ba7 Rb1+ 88.Ka8 Kc7 89.Be3 Rf1 90.Bd4 Rf5 91.Bg1 Rh5 92.Bd4 Ra5+ 93.Ba7
Kc6 94.Kb8 Rf5 95.Ka8 Kc7 96.Bg1 Rf8+ 97.Ka7 Kc6 98.Bh2 Rf3 99.Be5 Ra3+ 
100.Kb8 Kd7 101.Bd4 Ra4 102.Bf2 Rb4+ 103.Ka8 Kc7 104.Bg3+ Kc8 105.Bf2 
1/2-1/2

[Event "POL-ChT3"]
[Site "Lazy POL"]
[Date "2012.09.03"]
[Round "3"]
[White "Sztwiertnia, Jan Krzysztof"]
[Black "Denderski, Piotr"]
[Result "0-1"]
[WhiteElo "2073"]
[BlackElo "2240"]
[EventDate "2012.09.01"]

1.d4 Nf6 2.c4 c5 3.d5 e6 4.Nc3 exd5 5.cxd5 d6 6.Nf3 g6 7.g3 Bg7 8.Bg2 O-O 
9.O-O Na6 10.Nd2 Nc7 11.a4 b6 12.Nc4 Ba6 13.Na3 Re8 14.Re1 h5 15.e4 Ng4 
16.h3 Ne5 17.Bf1 Qd7 18.Nab5 c4 19.f4 Nd3 20.Bxd3 cxd3 21.Qxd3 Qxh3 22.Qf3
Bxb5 23.Nxb5 Nxb5 24.axb5 h4 25.Ra3 hxg3 26.Qg2 Bd4+ 27.Be3 Qxg2+ 28.Kxg2 
Rxe4 29.Bxd4 Rxe1 30.Rxg3 Re4 0-1

[Event "POL-ChT3"]
[Site "Lazy POL"]
[Date "2012.09.03"]
[Round "3"]
[White "Warakomska, Anna"]
[Black "Hermanowicz, Dominika"]
[Result "1/2-1/2"]
[WhiteElo "2136"]
[BlackElo "2076"]
[EventDate "2012.09.01"]

1.e4 c5 2.Nf3 a6 3.c3 d5 4.exd5 Qxd5 5.d4 Nf6 6.Be3 cxd4 7.cxd4 e6 8.Nc3 
Qa5 9.Bd3 Nc6 10.O-O Be7 11.Rc1 O-O 12.Qe2 Bd7 13.Rfd1 Rfd8 14.Bf4 Be8 15.
Bb1 Rac8 16.Ne4 Nxe4 17.Qxe4 Qh5 18.a3 g6 19.Ba2 Qb5 20.d5 exd5 21.Bxd5 
Bf6 22.b4 a5 23.Rc5 Qa4 24.Rb1 axb4 25.axb4 b6 26.Rcc1 Ne7 27.Bb3 Rxc1+ 
28.Bxc1 Qc6 29.Qxc6 Nxc6 30.Be3 Nxb4 31.Bxb6 Rc8 32.h3 Nd3 33.Bd4 Bxd4 34.
Nxd4 Rd8 35.Nf3 Nc5 36.Bc4 Kg7 37.Re1 Kf8 38.Ra1 Ba4 39.Rb1 Rd1+ 40.Rxd1 
Bxd1 1/2-1/2

[Event "POL-ChT3"]
[Site "Lazy POL"]
[Date "2012.09.03"]
[Round "3"]
[White "Jurkiewicz, Krzysztof"]
[Black "Krogulski, Grzegorz"]
[Result "1/2-1/2"]
[WhiteElo "2314"]
[BlackElo "2387"]
[EventDate "2012.09.01"]
[PlyCount "72"]

1.c4 e5 2.Nc3 Nf6 3.e4 Bb4 4.Nge2 O-O 5.a3 Bxc3 6.Nxc3 Nc6 7.d3 Nd4 8.Ne2 
Ne6 9.f4 exf4 10.Nxf4 c6 11.Be2 Qb6 12.Nxe6 fxe6 13.Rf1 e5 14.Qc2 d5 15.c5
Qc7 16.Bg5 Be6 17.O-O-O d4 18.Rf2 Rf7 19.Rdf1 Raf8 20.h3 b6 21.Bxf6 Rxf6 
22.Rxf6 Rxf6 23.Rxf6 gxf6 24.Bg4 Bxg4 25.hxg4 b5 26.Qf2 Qe7 27.b4 Qe6 28.
Kb2 Qxg4 29.Qxf6 Qe2+ 30.Kc1 Qe1+ 31.Kb2 Qc3+ 32.Ka2 Qc2+ 33.Ka1 Qc1+ 34.
Ka2 Qc2+ 35.Ka1 Qc1+ 36.Ka2 Qc2+ 1/2-1/2

[Event "POL-ChT3"]
[Site "Lazy POL"]
[Date "2012.09.03"]
[Round "3"]
[White "Sygulski, Boguslaw"]
[Black "Zielinski, Maciej"]
[Result "1-0"]
[WhiteElo "2254"]
[BlackElo "2073"]
[EventDate "2012.09.01"]
[PlyCount "99"]

1.e4 e5 2.Nf3 Nc6 3.Bb5 a6 4.Ba4 d6 5.c3 Bd7 6.O-O g6 7.d4 Bg7 8.d5 Nce7 
9.Bxd7+ Qxd7 10.c4 h6 11.Nc3 f5 12.Ne1 Nf6 13.f3 O-O 14.Nd3 c5 15.Qe2 b5 
16.b3 Rab8 17.Bd2 Kh7 18.Rab1 Nh5 19.g3 Rb7 20.Kg2 f4 21.Nf2 g5 22.b4 cxb4
23.Rxb4 bxc4 24.Rfb1 Rxb4 25.Rxb4 Ng6 26.Rxc4 Nf6 27.Kg1 h5 28.Rc6 g4 29.
fxg4 Nxg4 30.Ncd1 Bh6 31.Rxa6 f3 32.Qd3 Rf6 33.Bxh6 Nxh6 34.Ne3 Qg7 35.Qa3
h4 36.g4 h3 37.Ra7 Ne7 38.Kf1 Kg6 39.Nf5 Nhxf5 40.exf5+ Kf7 41.Qxf3 Qh6 
42.Qxh3 Qc1+ 43.Kg2 Rh6 44.Qf3 Qc5 45.Rb7 Qc8 46.Rb2 Qh8 47.h3 e4 48.Qe2 
Qd4 49.Rd2 Qe5 50.Qxe4 1-0

[Event "POL-ChT3"]
[Site "Lazy POL"]
[Date "2012.09.03"]
[Round "3"]
[White "Zielinski, Stanislaw"]
[Black "Markiewicz, Jerzy"]
[Result "1-0"]
[WhiteElo "2133"]
[BlackElo "2261"]
[EventDate "2012.09.01"]
[PlyCount "81"]

1.e4 c5 2.Nc3 Nc6 3.f4 g6 4.Nf3 Bg7 5.Bc4 e6 6.f5 Nge7 7.fxe6 dxe6 8.d3 
O-O 9.O-O Na5 10.Bb3 Nec6 11.Bd2 Nxb3 12.axb3 b6 13.Qe1 Bb7 14.Qg3 Qd7 15.
Qh3 f5 16.Bg5 Nd4 17.Rf2 fxe4 18.dxe4 Nxf3+ 19.Rxf3 Bd4+ 20.Kh1 Bxc3 21.
Rxc3 Bxe4 22.Qg3 Rf5 23.Bh6 Qf7 24.Kg1 Qf6 25.h4 e5 26.b4 Rf4 27.Bg5 Qf5 
28.Bxf4 exf4 29.Qf2 cxb4 30.Rc4 f3 31.Re1 Bd5 32.Rd4 Rc8 33.g4 Qf7 34.Red1
Rc5 35.Qd2 f2+ 36.Qxf2 Qxf2+ 37.Kxf2 Rxc2+ 38.Kg3 Rg2+ 39.Kh3 Bf3 40.R1d3 
Bc6 41.Rc4 1-0

[Event "POL-ChT3"]
[Site "Lazy POL"]
[Date "2012.09.03"]
[Round "3"]
[White "Augustyn, Sebastian"]
[Black "Bugalski, Michal"]
[Result "1-0"]
[WhiteElo "2109"]
[BlackElo "2183"]
[EventDate "2012.09.01"]
[PlyCount "80"]

1.e4 e5 2.Nc3 Nf6 3.Bc4 Bc5 4.d3 c6 5.Qe2 O-O 6.Bg5 Be7 7.Nf3 d6 8.Bb3 
Nbd7 9.O-O Nc5 10.Nd1 Nxb3 11.axb3 Nd5 12.exd5 Bxg5 13.Nxg5 Qxg5 14.dxc6 
bxc6 15.Qe3 Qe7 16.f4 Re8 17.fxe5 Qxe5 18.Qxe5 Rxe5 19.Nc3 Bb7 20.Rf4 f6 
21.Rb4 Re7 22.Re4 Kf7 23.Rxe7+ Kxe7 24.Kf2 a6 25.Ra4 c5 26.Rh4 h6 27.b4 
Rc8 28.Rc4 cxb4 29.Rxb4 Rc7 30.g3 f5 31.Ke3 g5 32.Ne2 Bc8 33.Nd4 Rb7 34.
Nxf5+ Kf6 35.Rxb7 Bxb7 36.Nxd6 Bc6 37.Kd4 h5 38.b4 h4 39.c4 hxg3 40.hxg3 
Kg6 1-0

[Event "POL-ChT3"]
[Site "Lazy POL"]
[Date "2012.09.03"]
[Round "3"]
[White "Zielinski, Wojciech"]
[Black "Markiewicz, Mateusz"]
[Result "1/2-1/2"]
[WhiteElo "2097"]
[BlackElo "2067"]
[EventDate "2012.09.01"]
[PlyCount "95"]

1.e4 c5 2.Nf3 Nf6 3.Nc3 d5 4.exd5 Nxd5 5.Bc4 Nxc3 6.bxc3 Bf5 7.Ne5 e6 8.
Bb5+ Ke7 9.O-O a6 10.Qf3 Qd5 11.Qxd5 exd5 12.Be2 Nd7 13.Nxd7 Kxd7 14.Bf3 
Be6 15.c4 dxc4 16.Rb1 Rb8 17.Rxb7+ Rxb7 18.Bxb7 Kc7 19.Bf3 Be7 20.Bb2 Bf6 
21.Ba3 Rd8 22.Rd1 c3 23.Bxc5 cxd2 24.Bb4 Kc8 25.Rxd2 Rxd2 26.Bxd2 Bxa2 27.
Ba5 Bc4 28.Bc6 Bd8 29.Bc3 f6 30.g4 Kc7 31.Be4 h6 32.Ba5+ Kd7 33.Bc3 a5 34.
h4 a4 35.Bb4 Be7 36.Bc6+ Kxc6 37.Bxe7 Be2 38.Bf8 g6 39.Bxh6 Bxg4 40.Bg7 f5
41.Kg2 Bd1 42.Kg3 Bxc2 43.Kf4 Bd1 44.Ke3 Kd5 45.Kd2 Bb3 46.Kc3 Ke4 47.Kb2 
Kd3 48.Bf6 1/2-1/2

[Event "POL-ChT3"]
[Site "Lazy POL"]
[Date "2012.09.03"]
[Round "3"]
[White "Jalowiec, Halina"]
[Black "Jurkiewicz, Joanna"]
[Result "0-1"]
[WhiteElo "2046"]
[BlackElo "1814"]
[EventDate "2012.09.01"]
[PlyCount "38"]

1.e4 c5 2.Nf3 Nc6 3.d4 cxd4 4.Nxd4 Nf6 5.Nc3 d6 6.Bg5 e6 7.Qd2 Be7 8.O-O-O
a6 9.f4 Qc7 10.Be2 Na5 11.Nf3 O-O 12.e5 dxe5 13.fxe5 Rd8 14.Bd3 Nc4 15.Qf4
Nxb2 16.Kxb2 Ba3+ 17.Kb3 Nd5 18.Nxd5 Rxd5 19.Bc4 Qb6+ 0-1

[Event "POL-ChT3"]
[Site "Lazy POL"]
[Date "2012.09.03"]
[Round "3"]
[White "Kalinin, Oleg"]
[Black "Mickiewicz, Piotr"]
[Result "1-0"]
[WhiteElo "2336"]
[BlackElo "2363"]
[EventDate "2012.09.01"]
[PlyCount "161"]

1.d4 Nf6 2.Nf3 e6 3.c4 Bb4+ 4.Bd2 Qe7 5.g3 Nc6 6.Bg2 Bxd2+ 7.Nbxd2 d6 8.
Nf1 e5 9.Ne3 O-O 10.O-O a5 11.a3 e4 12.Ne1 Re8 13.N1c2 a4 14.Nb4 Nxb4 15.
axb4 Bd7 16.b3 d5 17.c5 a3 18.Ra2 Ra6 19.Qd2 Rea8 20.Rfa1 Bb5 21.Qc1 Qe6 
22.Nd1 Qf5 23.Nc3 c6 24.h3 h5 25.Qf4 Qe6 26.Bf1 Nh7 27.Nb1 g5 28.Qd6 Qxd6 
29.cxd6 Nf6 30.Rxa3 Kf8 31.Rxa6 Rxa6 32.Ra5 b6 33.Rxa6 Bxa6 34.Nc3 Ke8 35.
Na4 Nd7 36.e3 Bxf1 37.Kxf1 f5 38.b5 cxb5 39.Nc3 Nf6 40.Nxb5 Kd7 41.h4 gxh4
42.gxh4 Kc6 43.Nc3 Kxd6 44.Kg2 Ng4 45.Kg3 Ke6 46.b4 f4+ 47.Kxf4 Nxf2 48.
Kg5 Ng4 49.Nd1 b5 50.Kg6 Nf6 51.Kg5 Ng4 52.Kf4 Kd6 53.Kf5 Kd7 54.Kg6 Ke6 
55.Kg5 Nf6 56.Nf2 Kf7 57.Kf5 Ke7 58.Ke5 Kf7 59.Nd1 Kg6 60.Nc3 Ng4+ 61.Kf4 
Nh6 62.Nxd5 Nf5 63.Kxe4 Nxh4 64.Nf4+ Kg5 65.d5 Nf5 66.Kf3 Nd6 67.e4 Nc4 
68.Ne6+ Kf6 69.Nd4 Ke5 70.Nc6+ Kd6 71.Kf4 h4 72.Nd4 h3 73.Nxb5+ Kd7 74.Kg3
Nd2 75.e5 Nc4 76.e6+ Ke7 77.Kxh3 Nb2 78.Nc3 Nd3 79.b5 Kf6 80.Kg4 Nc5 81.
Kf4 1-0

[Event "POL-ChT3"]
[Site "Lazy POL"]
[Date "2012.09.03"]
[Round "3"]
[White "Khamidov, Komil"]
[Black "Walach, Marcin"]
[Result "0-1"]
[WhiteElo "2113"]
[BlackElo "2349"]
[EventDate "2012.09.01"]
[PlyCount "68"]

1.e4 e6 2.d4 d5 3.Nc3 Nf6 4.Bg5 dxe4 5.Nxe4 Be7 6.Nxf6+ Bxf6 7.Bxf6 Qxf6 
8.Nf3 O-O 9.Bd3 c5 10.Qe2 Nc6 11.O-O-O Nxd4 12.Nxd4 cxd4 13.Qe4 g6 14.f4 
Bd7 15.Qxb7 Qxf4+ 16.Kb1 Qd6 17.Be4 Rfb8 18.Qxa8 Rxa8 19.Bxa8 e5 20.Rhe1 
f5 21.Rd2 Be6 22.g4 Kf7 23.a3 Kf6 24.Rf2 Bd5 25.Bxd5 Qxd5 26.Rfe2 e4 27.h3
e3 28.c3 f4 29.cxd4 Qxd4 30.Ka1 Ke5 31.Rc2 f3 32.Rc8 e2 33.Re8+ Kf4 34.Ka2
Qd5+ 0-1

[Event "POL-ChT3"]
[Site "Lazy POL"]
[Date "2012.09.03"]
[Round "3"]
[White "Osipow, Nikolaj"]
[Black "Perdek, Miroslaw"]
[Result "1-0"]
[WhiteElo "2179"]
[BlackElo "2236"]
[EventDate "2012.09.01"]
[PlyCount "75"]

1.d4 d5 2.Nf3 Nf6 3.e3 e6 4.Be2 c5 5.O-O Nc6 6.b3 Be7 7.Bb2 O-O 8.Nbd2 b6 
9.c4 cxd4 10.Nxd4 Bb7 11.Nxc6 Bxc6 12.Bf3 Rc8 13.Rc1 Qd7 14.Qe2 Rfd8 15.
Rfd1 Qb7 16.cxd5 Bxd5 17.e4 Bc6 18.Bxf6 gxf6 19.e5 Bxf3 20.Nxf3 f5 21.h3 
Rxc1 22.Rxc1 Rd5 23.Qe3 Qd7 24.Rc4 b5 25.Rc3 Kh8 26.Kh2 Bb4 27.Qh6 Kg8 28.
Re3 Bf8 29.Qg5+ Bg7 30.Rc3 Qb7 31.Qc1 Qb6 32.Rc6 Qa5 33.b4 Qxb4 34.Rc8+ 
Bf8 35.Qg5+ Kh8 36.Qh6 Kg8 37.g3 Qc5 38.Qg5+ 1-0

[Event "POL-ChT3"]
[Site "Lazy POL"]
[Date "2012.09.03"]
[Round "3"]
[White "Piotrowski, Przemyslaw"]
[Black "Knopik, Krzysztof"]
[Result "1/2-1/2"]
[WhiteElo "1965"]
[BlackElo "2127"]
[EventDate "2012.09.01"]
[PlyCount "69"]

1.e4 e5 2.Nf3 Nc6 3.Bc4 Bc5 4.Nc3 Nf6 5.d3 d6 6.Bg5 h6 7.Bxf6 Qxf6 8.Nd5 
Qd8 9.c3 O-O 10.b4 Bb6 11.a4 a6 12.Nxb6 cxb6 13.Qd2 Bg4 14.h3 Bxf3 15.gxf3
b5 16.Bd5 bxa4 17.Rxa4 Qd7 18.Bxc6 Qxc6 19.Ra3 f5 20.Rg1 Kh7 21.Qe3 Rf6 
22.exf5 Raf8 23.c4 Rxf5 24.Qe4 Qxe4+ 25.dxe4 Rxf3 26.Rxf3 Rxf3 27.Rg3 Rxg3
28.fxg3 Kg6 29.Kd2 Kf6 30.Kc3 Ke6 31.h4 h5 32.Kb3 Kd7 33.Ka4 Kc6 34.Ka5 
Kc7 35.b5 {zapis nieczytelny} 1/2-1/2

[Event "POL-ChT3"]
[Site "Lazy POL"]
[Date "2012.09.03"]
[Round "3"]
[White "Zawierucha, Aleksander"]
[Black "Czyz, Artur"]
[Result "0-1"]
[WhiteElo "2027"]
[BlackElo "2031"]
[EventDate "2012.09.01"]
[PlyCount "98"]

1.d4 Nf6 2.c4 g6 3.Nc3 Bg7 4.e4 d6 5.Nf3 O-O 6.Be2 e5 7.d5 a5 8.Bg5 h6 9.
Bh4 Na6 10.Nd2 Nc5 11.b3 Bd7 12.a3 Qe8 13.O-O Nh7 14.f3 f5 15.Qb1 h5 16.b4
Bh6 17.Nb3 axb4 18.axb4 Rxa1 19.Nxa1 Na6 20.Nc2 Bd2 21.Be1 Bxe1 22.Rxe1 
Qa8 23.Qa2 Qc8 24.Ra1 Rf6 25.c5 dxc5 26.Bxa6 Rxa6 27.Qb2 Rxa1+ 28.Qxa1 
cxb4 29.Nxb4 fxe4 30.Nxe4 Qf8 31.Nd3 Bf5 32.Qxe5 Qa3 33.Nf4 Qe3+ 34.Kf1 
Qc1+ 35.Kf2 Qc2+ 36.Kg3 Bxe4 37.Ne6 h4+ 38.Kf4 g5+ 39.Nxg5 Nxg5 40.Qxg5+ 
Bg6 41.Qd8+ Kg7 42.Qe7+ Bf7 43.Qe5+ Kg8 44.Qg5+ Kf8 45.Qd8+ Kg7 46.Qg5+ 
Qg6 47.Qxh4 Qxg2 48.h3 Qd2+ 49.Ke5 Qxd5+ 0-1

[Event "POL-ChT3"]
[Site "Lazy POL"]
[Date "2012.09.03"]
[Round "3"]
[White "Poznanska, Katarzyna"]
[Black "Gonsior, Monika"]
[Result "0-1"]
[WhiteElo "2086"]
[BlackElo "2028"]
[EventDate "2012.09.01"]
[PlyCount "128"]

1.e4 e5 2.Nf3 Nc6 3.Bb5 Bc5 4.c3 Nf6 5.d3 d6 6.O-O Bb6 7.Nbd2 a6 8.Ba4 h6 
9.d4 exd4 10.cxd4 O-O 11.Bxc6 bxc6 12.Qc2 Bd7 13.b3 d5 14.e5 Nh5 15.b4 a5 
16.bxa5 Rxa5 17.Nb3 Ra4 18.Re1 Re8 19.h3 Qc8 20.Kh2 g5 21.g4 Rc4 22.Qd3 
Rxc1 23.gxh5 Rxa1 24.Rxa1 Bxh3 25.Rg1 Bf5 26.Qc3 Qe6 27.a4 Be4 28.Rg3 f5 
29.a5 f4 30.Rg1 Ba7 31.Nfd2 Qf7 32.Nxe4 dxe4 33.Qh3 c5 34.Nxc5 Bxc5 35.
dxc5 Rxe5 36.Rd1 Re7 37.Rd8+ Kh7 38.a6 c6 39.Rd6 e3 40.fxe3 fxe3 41.a7 
Qf4+ 42.Kh1 Qe4+ 43.Qg2 Qb1+ 44.Kh2 Rxa7 45.Kg3 Rf7 46.Rd4 Qe1+ 47.Kh3 Qf2
48.Qe4+ Qf5+ 49.Kg3 Qxe4 50.Rxe4 Rf5 51.Rxe3 Rxc5 52.Re6 Rc4 53.Re7+ Kg8 
54.Re6 Kg7 55.Rg6+ Kh7 56.Re6 Rh4 57.Re7+ Kg8 58.Rc7 Rxh5 59.Kg4 Rh1 60.
Kf5 Kf8 61.Rxc6 Ke7 62.Kg4 Rh4+ 63.Kg3 Kf7 64.Rb6 Kg7 0-1

[Event "POL-ChT3"]
[Site "Lazy POL"]
[Date "2012.09.03"]
[Round "3"]
[White "Jagodzinski, Piotr"]
[Black "Jaworski, Miroslaw"]
[Result "1-0"]
[WhiteElo "2167"]
[BlackElo "2307"]
[EventDate "2012.09.01"]

1.e4 c5 2.Nf3 d6 3.g3 Nf6 4.c3 Nbd7 5.Qc2 Qc7 6.Bg2 e6 7.O-O Be7 8.d3 O-O 
9.Rd1 b6 10.Bf4 Bb7 11.Na3 a6 12.Rac1 b5 13.Qe2 e5 14.Bg5 h6 15.Bxf6 Nxf6 
16.c4 Qd7 17.b3 Ne8 18.Nc2 g6 19.h4 Ng7 20.Ne3 f5 21.Bh3 Qe8 22.Nd5 Bd8 
23.Nh2 Ne6 24.Qd2 Kh7 25.Rf1 Nd4 26.Bg2 Bxd5 27.exd5 Ra7 28.Rce1 Bf6 29.
Nf3 Nxf3+ 30.Bxf3 h5 31.b4 cxb4 32.Qxb4 bxc4 33.Qxc4 Qd8 34.Rb1 Raf7 35.
Rfc1 Rc7 36.Qa4 Rxc1+ 37.Rxc1 a5 38.Rc6 Be7 39.Qc4 Qd7 40.Qb5 1-0

[Event "POL-ChT3"]
[Site "Lazy POL"]
[Date "2012.09.03"]
[Round "3"]
[White "Obrusnik, Michal"]
[Black "Goluch, Piotr"]
[Result "0-1"]
[WhiteElo "2239"]
[BlackElo "2239"]
[EventDate "2012.09.01"]

1.e4 c6 2.Nc3 d5 3.Nf3 Bg4 4.h3 Bxf3 5.Qxf3 e6 6.d3 Nf6 7.g4 Bb4 8.a3 Qa5 
9.Bd2 d4 10.Nb1 Bxd2+ 11.Nxd2 Nbd7 12.O-O-O h5 13.Rg1 hxg4 14.hxg4 g5 15.
Nc4 Qc7 16.e5 b5 17.exf6 bxc4 18.dxc4 Ne5 19.Qe4 Qd8 20.c5 Rh6 21.f4 gxf4 
22.g5 Rh2 23.Kb1 Ng6 24.Bg2 e5 25.Rh1 Rxg2 26.Qxg2 Qd7 27.Rh7 Qe6 28.Qe4 
Qd5 29.Qd3 e4 30.Re1 e3 31.Reh1 Kd7 32.c4 dxc3 33.Rxf7+ Ke6 0-1

[Event "POL-ChT3"]
[Site "Lazy POL"]
[Date "2012.09.03"]
[Round "3"]
[White "Kalvaitis, Sigitas"]
[Black "Orzechowski, Jacek"]
[Result "1-0"]
[WhiteElo "2233"]
[BlackElo "2228"]
[EventDate "2012.09.01"]

1.e4 d6 2.d4 Nf6 3.Nc3 c6 4.a4 Qa5 5.Bd3 e5 6.Ne2 Be7 7.O-O O-O 8.h3 Na6 
9.Bd2 Qc7 10.Bxa6 bxa6 11.Bg5 Rb8 12.b3 h6 13.Bxf6 Bxf6 14.d5 c5 15.Rb1 
Bg5 16.Qd3 f5 17.exf5 Bxf5 18.Ne4 Rb4 19.N2g3 Bh7 20.Qe2 c4 21.Nxg5 hxg5 
22.Rbc1 a5 23.Qd2 Qe7 24.bxc4 Rc8 25.Rb1 Rcxc4 26.Rxb4 axb4 27.a5 Rd4 28.
Qe2 Qf7 1-0

[Event "POL-ChT3"]
[Site "Lazy POL"]
[Date "2012.09.03"]
[Round "3"]
[White "Helis, Tadeusz"]
[Black "Cajbel, Maciej"]
[Result "1/2-1/2"]
[WhiteElo "2235"]
[BlackElo "2237"]
[EventDate "2012.09.01"]

1.Nf3 g6 2.d4 Bg7 3.e4 c6 4.Be2 d5 5.e5 Bg4 6.c3 Nh6 7.Nbd2 O-O 8.O-O f6 
9.exf6 exf6 10.h3 Bf5 11.c4 Re8 12.Re1 Na6 13.a3 Nc7 14.Nf1 Kh8 15.Ne3 
dxc4 16.Nxc4 Nd5 17.Bd2 Nf7 18.Qb3 Rc8 19.Bd3 Bxd3 20.Qxd3 Qd7 21.Rad1 Nd6
22.Nxd6 Qxd6 23.Re2 Qd7 24.Rde1 Rcd8 25.Re4 Kg8 26.Ba5 Rb8 27.Qb3 Rxe4 28.
Rxe4 Bf8 29.Bd2 Bd6 30.Re1 Kg7 31.Re4 Qf5 32.Re1 Qd7 33.Re4 Qf5 34.Re1 Qd7
35.Re4 Qf5 1/2-1/2

[Event "POL-ChT3"]
[Site "Lazy POL"]
[Date "2012.09.03"]
[Round "3"]
[White "Czachor, Radoslaw"]
[Black "Polok, Kacper"]
[Result "0-1"]
[WhiteElo "2063"]
[BlackElo "2146"]
[EventDate "2012.09.01"]

1.e4 c5 2.Nf3 Nc6 3.d4 cxd4 4.Nxd4 Nf6 5.Nc3 d6 6.Bc4 g6 7.f3 Bg7 8.Be3 
O-O 9.Qd2 Bd7 10.O-O-O Qa5 11.g4 Rfc8 12.Bb3 Ne5 13.h4 Nc4 14.Bxc4 Rxc4 
15.Kb1 Rac8 16.Nd5 Qxd2 17.Nxf6+ Bxf6 18.Rxd2 a5 19.h5 a4 20.hxg6 hxg6 21.
Ne2 Rb4 22.c3 Rbc4 23.Bd4 Bxd4 24.Nxd4 a3 25.Rdh2 e5 26.Rh8+ Kg7 27.R1h7+ 
Kf6 28.Rxc8 Rxc8 29.Nc2 axb2 30.Nb4 Be6 31.Kxb2 Kg5 32.Kc2 Kf4 33.Rh3 Ra8 
34.Kb2 Ke3 35.Nc2+ Kf2 36.Kc1 Kg2 37.Rh7 Kxf3 38.Kd2 Kxe4 39.Rh1 Rxa2 40.
Re1+ Kf4 41.Kd3 f5 0-1

[Event "POL-ChT3"]
[Site "Lazy POL"]
[Date "2012.09.03"]
[Round "3"]
[White "Cherednichenko, Elena"]
[Black "Ogonowska, Katarzyna"]
[Result "1-0"]
[WhiteElo "2160"]
[BlackElo "1846"]
[EventDate "2012.09.01"]

1.d4 Nf6 2.Nf3 d5 3.e3 e6 4.Bd3 c5 5.b3 cxd4 6.exd4 Bd6 7.O-O O-O 8.Ne5 
Nc6 9.Bb2 Qc7 10.Re1 Nb4 11.c4 Nxd3 12.Qxd3 b6 13.Ba3 dxc4 14.Bxd6 Qxd6 
15.bxc4 Bb7 16.Nc3 Rac8 17.Nb5 Qb8 18.Qa3 Rcd8 19.Rad1 a6 20.Nc3 Rd6 21.
Re3 Rfd8 22.Ne2 Qc7 23.Rc1 Nd7 24.Nd3 Nb8 25.c5 Rd5 26.cxb6 Qxb6 27.Nc5 
Bc6 28.Rb3 Bb5 29.Na4 Qa7 30.Nac3 Bxe2 31.Nxe2 e5 32.Rcb1 Nc6 33.Rb7 Qa8 
34.Qf3 f6 35.Qg4 1-0

[Event "POL-ChT3"]
[Site "Lazy POL"]
[Date "2012.09.03"]
[Round "3"]
[White "Stachanczyk, Jacek"]
[Black "Staroszczyk, Mateusz"]
[Result "1-0"]
[WhiteElo "2247"]
[BlackElo "2024"]
[EventDate "2012.09.01"]

1.e4 c5 2.Nf3 d6 3.d4 cxd4 4.Nxd4 Nf6 5.Nc3 a6 6.Bg5 Nbd7 7.f4 Qc7 8.Qf3 
h6 9.Bh4 g5 10.fxg5 hxg5 11.Bxg5 Qc5 12.Nf5 e6 13.Bxf6 Nxf6 14.Ne3 Nd7 15.
Qe2 Bg7 16.Nc4 Bd4 17.Qd2 b5 18.b4 Qa7 19.O-O-O e5 20.Nxd6+ Kf8 21.Nf5 Nf6
22.Nxd4 Qxd4 23.Qxd4 exd4 24.Rxd4 Be6 25.Be2 a5 26.Kb2 axb4 27.Rxb4 Ke7 
28.Rxb5 Nxe4 29.Rb7+ 1-0